MARC details
| 000 -CABECERA |
| campo de control de longitud fija |
01652cam a22003858i 4500 |
| 001 - NÚMERO DE CONTROL |
| campo de control |
21761328 |
| 005 - FECHA Y HORA DE LA ÚLTIMA TRANSACCIÓN |
| campo de control |
20260512150137.0 |
| 006 - CÓDIGOS DE INFORMACIÓN DE LONGITUD FIJA--CARACTERÍSTICAS DEL MATERIAL ADICIONAL |
| campo de control de longitud fija |
m |o d | |
| 007 - CAMPO FIJO DE DESCRIPCIÓN FÍSICA--INFORMACIÓN GENERAL |
| campo de control de longitud fija |
cr ||||||||||| |
| 008 - DATOS DE LONGITUD FIJA--INFORMACIÓN GENERAL |
| campo de control de longitud fija |
201014s2020 cau o 001 0 eng |
| 010 ## - NÚMERO DE CONTROL DE LA BIBLIOTECA DEL CONGRESO |
| Número de control de LC |
2020045558 |
| 020 ## - NÚMERO INTERNACIONAL ESTÁNDAR DEL LIBRO |
| Número Internacional Estándar del Libro |
9781613084304 |
| Información calificativa |
(ebook) |
| 020 ## - NÚMERO INTERNACIONAL ESTÁNDAR DEL LIBRO |
| ISBN cancelado o inválido |
9781599186733 |
| Información calificativa |
(paperback) |
| 035 ## - NÚMERO DE CONTROL DEL SISTEMA |
| Número de control de sistema |
21761328 |
| 040 ## - FUENTE DE LA CATALOGACIÓN |
| Centro catalogador/agencia de origen |
DLC |
| Lengua de catalogación |
eng |
| Centro/agencia transcriptor |
DLC |
| Normas de descripción |
rda |
| 041 ## - CÓDIGO DE LENGUA |
| Código de lengua del texto/banda sonora o título independiente |
English |
| 042 ## - CÃDIGO DE AUTENTICACIÃN |
| Código de autenticación |
pcc |
| 050 00 - SIGNATURA TOPOGRÁFICA DE LA BIBLIOTECA DEL CONGRESO |
| Número de clasificación |
HF6146.I58 |
| 100 ## - ENTRADA PRINCIPAL--NOMBRE DE PERSONA |
| Nombre de persona |
Marshall, Perry S., |
| Término indicativo de función/relación |
author. |
| 9 (RLIN) |
25898 |
| 240 10 - TÍTULO UNIFORME |
| Título uniforme |
Entrepreneur magazine's ultimate guide to Google AdWords |
| 245 10 - MENCIÓN DE TÍTULO |
| Título |
Entrepreneur magazine's ultimate guide to Google Ads |
| Mención de responsabilidad, etc. |
/ Perry Marshall, Bryan Todd, Mike Rhodes. |
| 246 30 - FORMA VARIANTE DE TÍTULO |
| Título propio/Titulo breve |
Ultimate guide to Google Ads |
| 250 ## - MENCIÓN DE EDICIÓN |
| Mención de edición |
Sixth edition. |
| 264 #1 - PRODUCCIÓN, PUBLICACIÓN, DISTRIBUCIÓN, FABRICACIÓN Y COPYRIGHT |
| Producción, publicación, distribución, fabricación y copyright |
Irvine, CA : |
| Nombre del de productor, editor, distribuidor, fabricante |
Entrepreneur Press, |
| Fecha de producción, publicación, distribución, fabricación o copyright |
[2020] |
| 500 ## - NOTA GENERAL |
| Nota general |
Includes index. |
| 520 ## - SUMARIO, ETC. |
| Sumario, etc. |
"The sixth edition introduces revised, expanded, and new chapters covering Enhanced Campaigns, Google Ads Express, Google's Product Listing Ads, and more. Changes in Big Data advertising are also revealed and expanded sections and necessary updates have been added throughout. Topics include: bidding strategies using remarketing lists for search ads, new ad extension features, and automation capabilities using scripts"-- |
| Fuente proveedora |
Provided by publisher. |
| 630 #0 - PUNTO DE ACCESO ADICIONAL DE MATERIA--TÍTULO UNIFORME |
| Título uniforme |
B3 DM Paid & Social Advertising (BiM) |
| 9 (RLIN) |
26974 |
| 650 #0 - PUNTO DE ACCESO ADICIONAL DE MATERIA--TÉRMINO DE MATERIA |
| Término de materia o nombre geográfico como elemento de entrada |
Internet advertising |
| 9 (RLIN) |
8759 |
| 650 #0 - PUNTO DE ACCESO ADICIONAL DE MATERIA--TÉRMINO DE MATERIA |
| Término de materia o nombre geográfico como elemento de entrada |
Web search engines |
| 9 (RLIN) |
7488 |
| 653 ## - TÉRMINO DE INDIZACIÓN--NO CONTROLADO |
| Término no controlado |
Google |
| 700 ## - ENTRADA AGREGADA--NOMBRE PERSONAL |
| Nombre de persona |
Todd, Bryan |
| Término indicativo de función/relación |
author. |
| 9 (RLIN) |
7591 |
| 700 ## - ENTRADA AGREGADA--NOMBRE PERSONAL |
| Nombre de persona |
Rhodes, Mike |
| Fechas asociadas al nombre |
1970- |
| Término indicativo de función/relación |
author. |
| 730 0# - ENTRADA AGREGADA--TÍTULO UNIFORME |
| Título uniforme |
Entrepreneur (Santa Monica, Calif.) |
| 942 ## - ELEMENTOS DE ENTRADA AGREGADA (KOHA) |
| Fuente del sistema de clasificación o colocación |
Clasificación de Library of Congress |